000 01808nam a2200229Ia 4500
003 OSt
005 20250215091131.0
008 210210b2001 xxu||||| |||| 00| 0 eng d
020 _a81 7302 089 2
040 _cAL
041 _aKannada
082 _a362.2K MINI
100 _aMINAGUNDI SUBRAMANYAM.
_dಮಿನಗುಂಡಿ ಸುಬ್ರಹ್ಮಣ್ಯಂ
_9199924
245 _aE vartanegalu nimmalli eshtive.
_bಈ ವರ್ತನೆಗಳು ನಿಮ್ಮಲ್ಲಿ ಎಷ್ಟಿವೆ?
260 _aBengaluru
_bNavakarnataka Prakashana
_c2001
300 _a158
520 _aಪ್ರತಿಯೊಬ್ಬ ವ್ಯಕ್ತಿಗಳಲ್ಲಿ ಹಲವು ಬಗೆಯ ವರ್ತನೆಗಳನ್ನು ಕಾಣಬಹುದು. ಆದರೆ ಈ ಅದು ಕೆಲವೊಮ್ಮೆ ಸಮಸ್ಯಾತ್ಮಕ ವರ್ತನೆಗಳಾಗಿ ಸಹವರ್ತಿಗಳಿಗೆ ಅನಿಸಬಹುದು. ಅಂತಹ ವರ್ತನೆಗಳು ಸಂಬಧಗಳ ಮೇಲೆ ಪರಿಣಾಮ ಬೀರುತ್ತದೆ. ಹಾಗಾಗಿ, ನಮ್ಮ ವ್ಯಕ್ತಿತ್ವ, ಸ್ವಭಾವ, ವರ್ತನೆಗಳು ಎಂತಹದ್ದು ಎಂದು ನಮ್ಮನ್ನು ನಾವೇ ಗುರುತಿಸಿ ಕೊಳ್ಳುವಲ್ಲಿ ಈ ಕೃತಿ ಸಹಾಯಕಾರಿ.ಲೇಖಕ ಡಾ. ಮೀಗುಂಡಿ ಸುಬ್ರಮಣ್ಯ ಅವರು ಸರಳವಾಗಿ ವರ್ತನೆಗಳ ಕ್ಲಿಷ್ಟಕರ ಸ್ವರೂಪವನ್ನು ವಿವರಿಸಿ, ಅದರ ನಿವಾರಣೆಯ ಉಪಾಯಗಳನ್ನು ವಿವರಿಸಿದ್ದಾರೆ.
650 _aCounselling Psychotherapy
_9199925
690 _aSocial Action
_9199926
906 _a057409
942 _2ddc
_cBK
999 _c105056
_d105056